The rural novel in Indian English / (Record no. 28680)

MARC details
000 -LEADER
fixed length control field 01100nam a22002894a 4500
005 - DATE AND TIME OF LATEST TRANSACTION
control field 20090725151239.0
008 - FIXED-LENGTH DATA ELEMENTS--GENERAL INFORMATION
fixed length control field 080306s2008 ii b 000 0 eng
010 ## - LCCN (DPL NO)
LC control number ENG-94562
020 ## - INTERNATIONAL STANDARD BOOK NUMBER
International Standard Book Number 9788190398107
Terms of availability 995.00
035 ## - SYSTEM CONTROL NUMBER
System control number EN-78095
037 ## - SOURCE OF ACQUISITION
Source of stock number/acquisition DBAD / PUB
040 ## - CATALOGING SOURCE
Original cataloging agency dpl
Language of cataloging English
082 ## - DEWEY DECIMAL CLASSIFICATION NUMBER
Classification number 883.08
100 ## - MAIN ENTRY--PERSONAL NAME
Personal name Katamble, V. D.
245 ## - TITLE STATEMENT
Title The rural novel in Indian English /
Statement of responsibility, etc by V.D. Katamble
260 ## - PUBLICATION, DISTRIBUTION, ETC. (IMPRINT)
Place of publication, distribution, etc Jaipur
Name of publisher, distributor, etc Shruti Publications
Date of publication, distribution, etc 2008
270 ## - ADDRESS
Address 50-Ka-6, Jyoti Nagar,
City Jaipur
Postal code 302005
300 ## - PHYSICAL DESCRIPTION
Extent 372p.
Dimensions 23cm(Hb)
500 ## - GENERAL NOTE
General note Includes bibliographical references
504 ## - BIBLIOGRAPHY, ETC. NOTE
Bibliography, etc
650 ## - SUBJECT ADDED ENTRY--TOPICAL TERM
Topical term or geographic name as entry element Indic fiction (English)
Chronological subdivision 19th century
General subdivision History and criticism.
650 ## - SUBJECT ADDED ENTRY--TOPICAL TERM
Topical term or geographic name as entry element Indic fiction (English)
Chronological subdivision 20th century
General subdivision History and criticism.
650 ## - SUBJECT ADDED ENTRY--TOPICAL TERM
Topical term or geographic name as entry element Rural conditions in literature.
650 ## - SUBJECT ADDED ENTRY--TOPICAL TERM
Topical term or geographic name as entry element Country life in literature.
942 ## - ADDED ENTRY ELEMENTS (KOHA)
Source of classification or shelving scheme Dewey Decimal Classification
Item type English Books
Call number suffix KAT
Classification part 883.08
Holdings
Withdrawn status Lost status Source of classification or shelving scheme Damaged status Not for loan Collection code Home library Current library Date acquired Source of acquisition Cost, normal purchase price Total Checkouts Full call number Barcode Date last seen Copy number Cost, replacement price Koha item type
    Dewey Decimal Classification   Not For Loan Non-fiction D.B.Act.Division D.B.Act.Division 25/07/2009 DBAD / PUB 995.00   883.08 KAT EN-78095 25/07/2009 1 995.00 English Books

© Delhi Public Library
Hit Counter
free hit counter